[Event "Lagos South West op"]
[Site "Lagos"]
[Date "2023.07.12"]
[Round "1"]
[White "Adamu, Adeshola"]
[Black "Anwuli, Daniel"]
[Result "0-1"]
[WhiteElo "1841"]
[BlackElo "2321"]
[PlyCount "110"]
[EventDate "2023.07.12"]
[EventType "swiss"]
[EventRounds "9"]
[EventCountry "NGR"]
[SourceTitle "CBM 215 Extra"]
[Source "ChessBase"]
[SourceDate "2023.09.30"]
[SourceVersion "1"]
[SourceVersionDate "2023.09.30"]
[SourceQuality "1"]

1. c4 c5 2. g3 Nc6 3. Nc3 g6 4. Bg2 Bg7 5. Nf3 d6 6. a3 e6 7. e4 Nge7 8. 0-0 0-0 9. Rb1 b6 10. b4 Bb7 11. Ne2 Qd7 12. b5 Ne5 13. Qc2 Nxf3+ 14. Bxf3 f5 15. Bb2 e5 16. d3 f4 17. Nc3 Rf7 18. Qe2 h5 19. g4 g5 20. Kh1 Bc8 21. Rg1 h4 22. h3 Bb7 23. Rgc1 Ng6 24. Kh2 Nf8 25. Nd5 Ne6 26. a4 Bxd5 27. cxd5 Nc7 28. Rc3 a6 29. Rb3 axb5 30. axb5 Rff8 31. Bc3 Ra4 32. Qc2 Rfa8 33. Bd2 R8a7 34. Bd1 Ra2 35. R3b2 R2a3 36. f3 Qe8 37. Rb3 Rxb3 38. Qxb3 Qa8 39. Qc4 Ra2 40. Qc1 Qa5 41. Bc2 Qa3 42. Qxa3 Rxa3 43. Rb2 Nxb5 44. Rxb5 Ra2 45. Bb1 Rxd2+ 46. Kg1 Bf6 47. Rxb6 Kf7 48. Rb8 Ke7 49. Rb7+ Kd8 50. Rb5 Kc8 51. Kf1 Bd8 52. Ke1 Rh2 53. Kf1 Rxh3 54. Kg2 Rg3+ 55. Kf2 h3 0-1